| Tag |
First Indicator |
Second Indicator |
Subfields |
| LEADER |
00000pam a2200000 a 4500 |
| 001 |
in00000078145 |
| 005 |
20151008060642.0 |
| 008 |
800617s1981 nyuac bc 00110cengm |
| 010 |
|
|
|a 80018597
|
| 020 |
|
|
|a 0517528967
|
| 035 |
|
|
|a (OCoLC)06487420
|
| 035 |
|
|
|9 AAJ6247AM
|
| 040 |
|
|
|a DLC
|c DLC
|d m.c.
|d TXA
|d UtOrBLW
|
| 049 |
|
|
|a TXAM
|c [388058]
|
| 050 |
0 |
0 |
|a PN2285
|b .K74 1981
|
| 082 |
0 |
|
|a 791.43/028/0922
|a B
|
| 100 |
1 |
|
|a Kotsilibas-Davis, James.
|
| 245 |
1 |
4 |
|a The Barrymores :
|b the royal family in Hollywood /
|c by James Kotsilibas-Davis.
|
| 250 |
|
|
|a 1st ed.
|
| 264 |
|
1 |
|a New York :
|b Crown Publishers,
|c [1981]
|
| 264 |
|
4 |
|c ©1981
|
| 300 |
|
|
|a 376 pages :
|b illustrations, portraits ;
|c 25 cm.
|
| 336 |
|
|
|a text
|b txt
|2 rdacontent
|
| 337 |
|
|
|a unmediated
|b n
|2 rdamedia
|
| 338 |
|
|
|a volume
|b nc
|2 rdacarrier
|
| 500 |
|
|
|a Includes index.
|
| 504 |
|
|
|a "The Barrymore filmography": pages 338-366.
|
| 504 |
|
|
|a Bibliography: pages [367]-368.
|
| 600 |
3 |
0 |
|a Barrymore family.
|
| 650 |
|
0 |
|a Motion picture actors and actresses
|z United States
|v Biography.
|
| 999 |
|
|
|a MARS
|
| 999 |
f |
f |
|s ab29a0c4-c694-3b1f-8c53-ff15fd00d02d
|i 4c2d4315-e65c-3ddb-90e7-89e8773c5af5
|t 0
|
| 952 |
f |
f |
|p ric
|a Texas A&M University
|b Rellis Campus
|c Joint Library Facility
|d Remote Storage
|t 0
|e PN2285 .K74 1981
|h Library of Congress classification
|i unmediated -- volume
|m A14806178434
|
| 998 |
f |
f |
|a PN2285 .K74 1981
|t 0
|l Remote Storage
|